WWE Royal Rumble 2021 Entrants - Statistics

General Stats
  • This quiz has been taken 16 times
  • The average score is 29 of 60
Answer Stats
Draw Brand Women's Rumble % Correct
2 Raw Randy Orton
88%
3 SmackDown Sami Zayn
88%
30 Raw Braun Strowman
75%
1 Unaffiliated Edge
75%
26 SmackDown Rey Mysterio
75%
3 SmackDown Bianca Belair
69%
10 SmackDown Big E
69%
29 SmackDown Seth Rollins
69%
27 Raw Sheamus
69%
9 Raw Xavier Woods
69%
21 SmackDown Dominik Mysterio
63%
1 SmackDown Bayley
56%
14 NXT Damian Priest
56%
5 Raw Jeff Hardy
56%
2 Raw Naomi
56%
14 NXT Rhea Ripley
56%
15 Raw The Miz
56%
27 Raw Alexa Bliss
50%
22 Raw Bobby Lashley
50%
8 Unaffiliated Carlito
50%
24 SmackDown Carmella
50%
28 SmackDown Cesaro
50%
15 Raw Charlotte Flair
50%
17 SmackDown Daniel Bryan
50%
6 SmackDown Dolph Ziggler
50%
13 Raw Elias
50%
13 SmackDown Liv Morgan
50%
20 SmackDown Otis
50%
12 Raw Ricochet
50%
25 Raw AJ Styles
44%
23 NXT Dakota Kai
44%
18 Unaffiliated Kane
44%
4 Raw Mustafa Ali
44%
30 SmackDown Natalya
44%
29 Raw Nia Jax
44%
20 Raw Nikki Cross
44%
11 Raw Peyton Royce
44%
16 Raw Riddle
44%
9 SmackDown Ruby Riott
44%
17 Unaffiliated Torrie Wilson
44%
10 Unaffiliated Victoria
44%
21 Unaffiliated Alicia Fox
38%
4 SmackDown Billie Kay
38%
24 Unaffiliated Christian
38%
28 NXT Ember Moon
38%
22 Raw Mandy Rose
38%
19 Raw Mickie James
38%
6 Raw Shayna Baszler
38%
7 SmackDown Shinsuke Nakamura
38%
25 SmackDown Tamina
38%
16 Raw Dana Brooke
31%
11 Raw John Morrison
31%
26 Raw Lana
31%
7 NXT Toni Storm
31%
23 Unaffiliated Hurricane Helms
25%
8 Unaffiliated Jillian Hall
25%
19 SmackDown King Corbin
25%
18 Raw Lacey Evans
25%
5 NXT Shotzi Blackheart
25%
12 NXT Santana Garrett
13%
No matching quizzes found
Score Distribution
Percent of People with Each Score
Percentile by Number Answered
Your Score History
You have not taken this quiz